Statystyki dla Przedstawiciele pozytywizmu (wybrani)

Kliknij tutaj aby rozwiązać quiz!

Ogólne statystyki

  • Ten quiz został rozwiązany 17 razy
  • Średni wynik to 4 z 22

Statystyki odpowiedzi

HintOdpowiedź% Poprawnych
PisarzBolesław Prus
93%
PisarzEliza Orzeszkowa
64%
PisarzHenryk Sienkiewicz
64%
PoetaMaria Konopnicka
43%
MalarzJan Matejko
36%
Inna nazwa pozytywizmurealizm
29%
PisarzFiodor Dostojewski
21%
Przyrodnik, geologKarol Darwin
21%
PisarzEmil Zola
7%
PisarzHonoriusz Balzac
7%
PisarzLew Tołstoj
7%
PisarzAleksander Świętochłowski
0%
FilozofAuguste Comte
0%
Inna nazwa pozytywizmuepoka postyczniowa
0%
Inna nazwa pozytywizmuepoka wiktoriańska
0%
PisarzGustave Flaubert
0%
FilozofHerbert Spencer
0%
FilozofHipolit Taine
0%
FilozofJohn Stuart Mill
0%
MalarzLeon Wyczółkowski
0%
HistorykPiotr Chmielowski
0%
Inna nazwa pozytywizmuwiek pary i elektryczności
0%

Rozkład punktacji

Percentyl według liczby udzielonych odpowiedzi

Procent ludzi z każdym wynikiem

Twoja historia wyników

Nie rozwiązałeś tego quizu